000 00309nam a2200133Ia 4500
008 220204s9999 xx 000 0 und d
082 _a657.4
_bSHU;1
100 _aGrewal, T S
245 0 _aAdvanced accounts
250 _aEd.9
260 _aNew Delhi
_bS Chand
_c1978
700 _aShukla, M C
942 _cBK
999 _c23090
_d23090